| 000 | 01400nam a22003615i 4500 | ||
|---|---|---|---|
| 001 | 2171 | ||
| 003 | FISKH | ||
| 005 | 20231108104753.0 | ||
| 008 | 221202s2023 nyu j 000 0 eng | ||
| 010 | _a 2022951038 | ||
| 020 |
_a9781454948018 _q(hardcover) |
||
| 020 | _a033500980657 | ||
| 040 |
_aDLC _beng _erda _cDLC |
||
| 042 | _apcc | ||
| 050 | _aM2 | ||
| 082 | _a622.34629 | ||
| 100 | 1 |
_aBarrie, J.M., _d1860- |
|
| 245 | 1 | 0 |
_aPeter Pan / _cWalt Disney's ; adapted by Eugene Bradley Coco ; Illustrated by Ron Dias |
| 260 |
_aRacine : _bGolden Book, _c1989. |
||
| 300 |
_a24 unnumbered pages : _bcolor illustrations ; _c21 cm |
||
| 336 |
_atext _btxt _2rdacontent |
||
| 337 |
_aunmediated _bn _2rdamedia |
||
| 338 |
_avolume _bnc _2rdacarrier |
||
| 490 | 0 | _aA little golden book | |
| 505 | _aO | ||
| 520 | _aPeter Pan is the boy who never grows up, but is always up for mischief and adventure! Join Wendy, John, and Michael on their trip to Never Land with Peter and Tinker Bell, and meet the evil Captain Hook! Find trouble and magic with the Lost Boys, see the mermaids in the Lagoon, and watch out for the crocodile swimming in the sea! | ||
| 521 | 8 |
_a600
_bLexile estimate |
|
| 521 | 8 |
_aO
_bRaz-Plus |
|
| 650 |
_aPeter Pan _vJuvenile literature |
||
| 700 |
_aDias, Ron _eillustrator |
||
| 906 |
_a0 _bibc _corignew _d2 _eepcn _f20 _gy-gencatlg |
||
| 942 |
_2ddc _cBK _n0 |
||
| 999 |
_c2171 _d2171 |
||